The Illustrated encyclopedia of ammunition

Bibliographic Details
Main Author: Hogg, Ian V
Format: Book
Published: London : New Burlington Books , 1985
Subjects:

MARC

LEADER 00000cam a2200000 7i4500
001 0000002855
002 000003090
005 20000330.0
020 |a 1853480975 
090 0 0 |a 355.825   |b HOG 
100 1 |a Hogg, Ian V 
245 1 4 |a The Illustrated encyclopedia of ammunition   |c Ian V. Hogg 
260 |a London :   |b New Burlington Books ,   |c 1985 
300 |a 253p. :   |b ill. ;   |c 30cm. 
650 0 0 |a Ammunition   |x Encyclopedias 
999 |a 035198   |b BUKU   |c PINJAMAN   |e PERPUSTAKAAN KOMUNITI PETALING JAYA